000 00440nam a2200181Ia 4500
005 20240823005836.0
008 240823s9999||||xx |||||||||||||| ||und||
041 _aENGLISH
082 _A343.096 N8
100 _aLaw Publishers
245 0 _a"The Railway Act,1989"
250 _a1st
260 _c1998
_b"Law Pub,All"
_aAllahabad
500 _aTRANSFERED
650 _aManagement
_bManagement Studies
942 _cBK
999 _c156886
_d156886